Statistiques concernant Les 10 Pays d'Europe les plus au Nord

Cliquez ici pour prendre le quiz!

Statistiques générales

  • Ce quiz a été pris 320 fois
    (216 depuis la dernière actualisation)
  • Le résultat moyen est 9 sur 10

Statistiques - réponses

DegrésPays% Correct
69°Suède
97%
70°Finlande
96%
71°Norvège
94%
81°Russie
94%
56°Danemark
92%
66°Islande
92%
60°Royaume-Uni
86%
59°Estonie
85%
57°Lettonie
85%
56°Lituanie
84%

Distribution des résultats

Percentile par nombre de réponses

% des personnes avec chaque résultat

Votre développement - résultats

Vous n’avez pas pris ce quiz depuis la dernière actualisation